Simply heaven /

Uložené v:
Podrobná bibliografia
Hlavný autor: Mackesy, Serena (Author)
Médium: Kniha
Jazyk:English
Vydané: London : Arrow Books, 2005
Vydanie:[1st ed.]
Témy:
ISBN: 0099414767 (brož.)
Fyzický popis: 502 s. ; 20 cm
Tagy: Pridať tag
Žiadne tagy, Buďte prvý kto otaguje tento záznam!

MARC

LEADER 00000nam a2200000 a 4500
001 000267621
005 20060929084634.0
008 060818s2005 xxk e 000 1 engo
020 |a 0099414767 (brož.) 
040 |a SVKKK  |b slo  |c SVKKK  |e AACR2 
041 0 |a eng 
044 |a xxk  |c GB 
072 7 |a 821.111-3  |x Anglická próza, anglicky písaná  |2 konspekt 
080 |a 821.111-31  |2 1997 
080 |a (0:82-31)  |2 1997 
100 1 |a Mackesy, Serena  |4 aut 
245 1 0 |a Simply heaven /  |c Serena Mackesy 
250 |a [1st ed.] 
260 |a London :  |b Arrow Books,  |c 2005 
300 |a 502 s. ;  |c 20 cm 
655 7 |a anglické romány  |2 SVKKKPH 
655 7 |a umelecká literatúra  |2 SVKKKPH 
919 |a 0-09-941476-7 
998 |a BK 
090 |g SCKUS  |k Americké centrum  |a III.203900  |j 981448  |i 2720054168  |s Voľný výber